<?xml version="1.0" encoding="UTF-8"?>
<record
    xmlns:xsi="http://www.w3.org/2001/XMLSchema-instance"
    xsi:schemaLocation="http://www.loc.gov/MARC21/slim http://www.loc.gov/standards/marcxml/schema/MARC21slim.xsd"
    xmlns="http://www.loc.gov/MARC21/slim">

  <leader>01259nam a2200301 i 4500</leader>
  <controlfield tag="001">187641</controlfield>
  <controlfield tag="003">ES-MaACL</controlfield>
  <controlfield tag="005">20240131063034.0</controlfield>
  <controlfield tag="008">171214s2009    sp           |||| |dcat d</controlfield>
  <datafield tag="020" ind1=" " ind2=" ">
    <subfield code="a">978-84-92583-71-3</subfield>
  </datafield>
  <datafield tag="080" ind1=" " ind2=" ">
    <subfield code="a">081 Almirall, Valent&#xED;</subfield>
  </datafield>
  <datafield tag="100" ind1="1" ind2=" ">
    <subfield code="a">Almirall, Valent&#xED;,</subfield>
    <subfield code="d">1841-1904</subfield>
    <subfield code="9">20151</subfield>
  </datafield>
  <datafield tag="245" ind1="1" ind2="0">
    <subfield code="a">Obras completas / </subfield>
    <subfield code="c">Valent&#xED; Almirall ; edici&#xF3;, introduci&#xF3; i notes a cura de Jos&#xE9;p M. Figueres.</subfield>
  </datafield>
  <datafield tag="250" ind1=" " ind2=" ">
    <subfield code="a">1&#xAA; ed.</subfield>
  </datafield>
  <datafield tag="260" ind1=" " ind2=" ">
    <subfield code="a">Barcelona : </subfield>
    <subfield code="b">Institut d'Estudis Catalans, </subfield>
    <subfield code="c">2009-2013.</subfield>
  </datafield>
  <datafield tag="300" ind1=" " ind2=" ">
    <subfield code="a">2 v. ; </subfield>
    <subfield code="c">25 cm.</subfield>
  </datafield>
  <datafield tag="490" ind1="1" ind2=" ">
    <subfield code="a">Monografies de la Secci&#xF3; Hist&#xF2;rico-Arqueol&#xF2;gica ; </subfield>
    <subfield code="v">11/1-2</subfield>
  </datafield>
  <datafield tag="504" ind1=" " ind2=" ">
    <subfield code="a">Bibliograf&#xED;a: p. 45 - 56.</subfield>
  </datafield>
  <datafield tag="505" ind1="8" ind2=" ">
    <subfield code="a">Contiene: v. 1. 1867-1879 (1063 p.) - v. 2. 1880-1884 (955 p.)</subfield>
  </datafield>
  <datafield tag="546" ind1=" " ind2=" ">
    <subfield code="a">Textos en castellano y catal&#xE1;n.</subfield>
  </datafield>
  <datafield tag="700" ind1="0" ind2=" ">
    <subfield code="a">Figueres i Artigas, Josep Maria.</subfield>
    <subfield code="9">50772</subfield>
  </datafield>
  <datafield tag="830" ind1="0" ind2=" ">
    <subfield code="a">Monografies de la Secci&#xF3; Hist&#xF2;rico-Arqueol&#xF2;gica ; </subfield>
    <subfield code="v">11/1-2</subfield>
    <subfield code="9">225589</subfield>
  </datafield>
  <datafield tag="852" ind1=" " ind2=" ">
    <subfield code="a">ES-MaACL</subfield>
    <subfield code="j">A-14138</subfield>
    <subfield code="9">194728</subfield>
    <subfield code="b">R.151283</subfield>
    <subfield code="c">DEPO1</subfield>
    <subfield code="d">Olim: N-7138</subfield>
    <subfield code="h">Donaci&#xF3;n: Casa de Vel&#xE1;zquez</subfield>
  </datafield>
  <datafield tag="852" ind1=" " ind2=" ">
    <subfield code="a">ES-MaACL</subfield>
    <subfield code="j">A-14139</subfield>
    <subfield code="b">R.151285</subfield>
    <subfield code="c">DEPO1</subfield>
    <subfield code="d">Olim: N-7139</subfield>
    <subfield code="h">Donaci&#xF3;n: Casa de Vel&#xE1;zquez</subfield>
  </datafield>
  <datafield tag="914" ind1=" " ind2=" ">
    <subfield code="9">2477</subfield>
    <subfield code="a">Casa de Vel&#xE1;zquez</subfield>
    <subfield code="e">dnr</subfield>
  </datafield>
  <datafield tag="942" ind1=" " ind2=" ">
    <subfield code="2">udc</subfield>
    <subfield code="c">MONOGRAFIA</subfield>
  </datafield>
  <datafield tag="999" ind1=" " ind2=" ">
    <subfield code="c">187641</subfield>
    <subfield code="d">187641</subfield>
  </datafield>
  <datafield tag="952" ind1=" " ind2=" ">
    <subfield code="0">0</subfield>
    <subfield code="1">0</subfield>
    <subfield code="2">udc</subfield>
    <subfield code="4">0</subfield>
    <subfield code="7">0</subfield>
    <subfield code="a">ATENEOM</subfield>
    <subfield code="b">ATENEOM</subfield>
    <subfield code="c">DEPO1</subfield>
    <subfield code="d">2017-12-14</subfield>
    <subfield code="e">DONACION</subfield>
    <subfield code="h">v.1</subfield>
    <subfield code="l">0</subfield>
    <subfield code="o">A-14138</subfield>
    <subfield code="p">1198192</subfield>
    <subfield code="r">2023-02-23 00:00:00</subfield>
    <subfield code="w">2023-02-23</subfield>
    <subfield code="y">MONOGRAFIA</subfield>
  </datafield>
  <datafield tag="952" ind1=" " ind2=" ">
    <subfield code="0">0</subfield>
    <subfield code="1">0</subfield>
    <subfield code="2">udc</subfield>
    <subfield code="4">0</subfield>
    <subfield code="7">0</subfield>
    <subfield code="a">ATENEOM</subfield>
    <subfield code="b">ATENEOM</subfield>
    <subfield code="c">DEPO1</subfield>
    <subfield code="d">2017-12-14</subfield>
    <subfield code="e">DONACION</subfield>
    <subfield code="h">v.2</subfield>
    <subfield code="l">0</subfield>
    <subfield code="o">A-14139</subfield>
    <subfield code="p">101206192</subfield>
    <subfield code="r">2023-12-15 00:00:00</subfield>
    <subfield code="w">2023-02-23</subfield>
    <subfield code="y">MONOGRAFIA</subfield>
  </datafield>
</record>
